000 00658nam a2200253 i 4500
001 C2-0006217
003 PPAK
005 20190630221844.0
008 970125s1994 my |||| ||||| | may d
020 _a9836241442
040 _aPPAK
_beng
_cPPAK
_erda
082 0 4 _a899.233
_223
090 0 0 _a899.233
_bALI
_dG
090 0 0 _a899.233
_bALI
_dKMI
100 0 _aAli Jusoh,
_eauthor
245 1 0 _aDenyut Nadi
264 1 _aKuala Lumpur :
_bDewan Bahasa dan Pustaka ,
_c1994
300 _a235 pages ;
_c20 cm
336 _2rdacontent
_atext
337 _2rdamedia
_aunmediated
338 _2rdacarrier
_avolume
650 1 0 _aMalay fiction.
942 _ddc
_cB
999 _c1912
_d1912